[Event "Bremen-ch op"]
[Site "Delmenhorst"]
[Date "2011.04.23"]
[Round "3"]
[White "Radloff, Guenter"]
[Black "Tronnier, Michael"]
[Result "0-1"]
[WhiteElo "1699"]
[BlackElo "1975"]
[PlyCount "98"]
[EventDate "2011.04.16"]
[EventType "swiss"]
[EventRounds "9"]
[EventCountry "GER"]
[SourceTitle "EXT 2012"]
[Source "ChessBase"]
[SourceDate "2011.11.24"]
[SourceVersion "1"]
[SourceVersionDate "2011.11.24"]
[SourceQuality "1"]

1. e4 d5 2. exd5 Qxd5 3. Nc3 Qa5 4. Bc4 Nf6 5. Nf3 Bg4 6. h3 Bh5 7. d3 c6 8. Bd2 Qc7 9. g4 Bg6 10. Qe2 Nbd7 11. 0-0-0 e6 12. Ng5 0-0-0 13. f4 Nb6 14. Bb3 Bd6 15. Rhf1 Kb8 16. Nge4 Bxe4 17. Nxe4 Nxe4 18. dxe4 c5 19. c3 c4 20. Bc2 e5 21. f5 a6 22. Be3 Bc5 23. Qf2 Bxe3+ 24. Qxe3 Na8 25. Rf2 Rxd1+ 26. Bxd1 Rd8 27. Rd2 b5 28. g5 Kb7 29. Bc2 Nb6 30. h4 Kc6 31. Bd1 Rd6 32. Bc2 Qd7 33. Rxd6+ Qxd6 34. Bd1 a5 35. Bc2 b4 36. Qd2 Qxd2+ 37. Kxd2 Kb5 38. Bd1 Nd7 39. Be2 Nc5 40. Ke3 a4 41. h5 a3 42. bxa3 bxc3 43. Bd1 g6 44. h6 Na6 45. Bc2 Nb8 46. fxg6 fxg6 47. Bd1 Nc6 48. Bg4 Ka4 49. Be6 Kxa3 0-1

[Event "Bremen-ch op"]
[Site "Delmenhorst"]
[Date "2011.04.17"]
[Round "2"]
[White "Cinar, Karim"]
[Black "Radloff, Guenter"]
[Result "1/2-1/2"]
[WhiteElo "1895"]
[BlackElo "1699"]
[PlyCount "86"]
[EventDate "2011.04.16"]
[EventType "swiss"]
[EventRounds "9"]
[EventCountry "GER"]
[SourceTitle "EXT 2012"]
[Source "ChessBase"]
[SourceDate "2011.11.24"]
[SourceVersion "1"]
[SourceVersionDate "2011.11.24"]
[SourceQuality "1"]

1. Nc3 b6 2. e4 Bb7 3. g3 e6 4. Bg2 Nf6 5. Nge2 Be7 6. 0-0 0-0 7. d3 Nc6 8. f4 d5 9. e5 Nd7 10. d4 f5 11. exf6 Bxf6 12. f5 Ne7 13. fxe6 Nb8 14. Nf4 c6 15. Nh5 Ng6 16. Nxf6+ Rxf6 17. Bg5 Rxf1+ 18. Qxf1 Qe8 19. Re1 Na6 20. e7 Qf7 21. Bh3 Nc7 22. Qxf7+ Kxf7 23. Rf1+ Kg8 24. Bf5 Re8 25. Bd7 Rxe7 26. Bxe7 Nxe7 27. Nd1 g6 28. Ne3 Bc8 29. Bxc8 Nxc8 30. Ng4 Nd6 31. Ne5 c5 32. dxc5 bxc5 33. Nd7 c4 34. b3 c3 35. Rf3 d4 36. Kf1 Kg7 37. a4 Nd5 38. Ke2 Nb4 39. Kd1 Nf5 40. Ne5 Ne3+ 41. Rxe3 dxe3 42. Ng4 Nxc2 43. Ke2 Nd4+ 1/2-1/2

[Event "Bremen-ch Seniors"]
[Site "Bremen"]
[Date "2010.04.02"]
[Round "6"]
[White "Radloff, Guenter"]
[Black "Hesse, Hartmut"]
[Result "0-1"]
[WhiteElo "1765"]
[BlackElo "1774"]
[PlyCount "50"]
[EventDate "2010.03.27"]
[EventType "swiss"]
[EventRounds "7"]
[EventCountry "GER"]
[SourceTitle "EXT 2022"]
[Source "ChessBase"]
[SourceDate "2021.10.06"]
[SourceVersion "1"]
[SourceVersionDate "2021.10.06"]
[SourceQuality "1"]

1. f4 f5 2. Nf3 Nf6 3. b3 e6 4. Bb2 c5 5. e3 Nc6 6. Be2 d5 7. 0-0 d4 8. Ng5 Nd5 9. c4 Nf6 10. Bf3 Nb4 11. exd4 Nd3 12. d5 Nxb2 13. Qe2 Be7 14. Nxe6 Bxe6 15. Qxe6 Qb6 16. Qxf5 Nd7 17. Nc3 0-0-0 18. Qc2 Bf6 19. Qxb2 Bd4+ 20. Kh1 Qg6 21. Rae1 Rhf8 22. g3 Nf6 23. Qa3 a6 24. h3 Qxg3 25. Bg4+ Nxg4 0-1

[Event "Bremen-ch Seniors"]
[Site "Bremen"]
[Date "2010.03.28"]
[Round "2"]
[White "Bauer, Wolfgang2222"]
[Black "Radloff, Guenter"]
[Result "1-0"]
[WhiteElo "1916"]
[BlackElo "1765"]
[PlyCount "83"]
[EventDate "2010.03.27"]
[EventType "swiss"]
[EventRounds "7"]
[EventCountry "GER"]
[SourceTitle "EXT 2022"]
[Source "ChessBase"]
[SourceDate "2021.10.06"]
[SourceVersion "1"]
[SourceVersionDate "2021.10.06"]
[SourceQuality "1"]

1. d4 d5 2. Nf3 Nf6 3. e3 c6 4. Bd3 Bg4 5. Nbd2 Nbd7 6. h3 Bh5 7. 0-0 e6 8. c4 Be7 9. b3 0-0 10. Bb2 Rc8 11. Qe2 Qc7 12. Rac1 Rfe8 13. Rfd1 Bb4 14. g4 Bg6 15. Bxg6 hxg6 16. a3 Be7 17. b4 Ne4 18. Nxe4 dxe4 19. Ne5 Bf6 20. Nxd7 Qxd7 21. Qc2 Bg5 22. Qxe4 f5 23. Qe5 Qe7 24. Qg3 Bh4 25. Qg2 fxg4 26. hxg4 Rf8 27. Rf1 Kh7 28. Qe4 Qc7 29. f4 Bf6 30. Rc2 Qf7 31. Rh2+ Kg8 32. Qh1 Qe8 33. g5 Bd8 34. Rh7 Rc7 35. Rf3 Kf7 36. Rfh3 e5 37. dxe5 Qe6 38. f5 gxf5 39. R3h6 Qxc4 40. Qh5+ Ke7 41. Rxg7+ Rf7 42. Rhh7 1-0